000 03695cam a22012734i 4500
003 PE-LiUPU
005 20250813185607.0
008 150706s2011 pe a rb 000 0 spa d
020 _a6124534029
020 _a9786124534027
035 _a(Sirsi) i9786124534027
040 _aPE-LiUPU
_bspa
_cPE-LiUPU
_dPE-LiUPUerda
049 _aPRUA
082 0 4 _a333.95
_bG68
_221
100 1 _aGómez Pando, Luz Rayda,
_eautor.
245 1 0 _aCatálogo del banco de germoplasma de quinua :
_b(chenopodium quinoa willd) /
_cLuz Rayda Gómez Pando, Ana Luzmeira Eguiluz de la Barra.
264 1 _aLima :
_bUniversidad Agraria de la Molina,
_c2011.
300 _a183 páginas :
_bilustraciones ;
_c24 centímetros
336 _atext
_2rdacontent
337 _aunmediated
_2rdamedia
338 _avolume
_2rdacarrier
504 _aIncluye bibliografía.
505 0 _aImportancia del cultivo de la quinua en el Perú -- Clasificación taxonómica -- Centro de origen -- Morfología -- Tallo -- Hojas -- Inflorescencia -- Flores -- Frutos -- Evaluación de los caracteres morfológicos y agronómicos -- Evaluación de los caracteres de calidad de los granos.
526 _aP202
526 _aP201
526 _aP163
526 _aP162
526 _aP161
526 _aP160
526 _aP148
526 _aP147
526 _aP146
526 _aP145
526 _aP144
526 _aP143
526 _aP142
526 _aP141
526 _aP140
526 _aP139
526 _aP138
526 _aP137
526 _aP136
526 _aP135
526 _aP134
526 _aP133
526 _aP129
526 _aP128
526 _aP127
526 _aP120
526 _aP119
526 _aP118
526 _aP116
526 _aP115
526 _aP114
526 _aP110
526 _aP109
526 _aP108
526 _aP104
526 _aP103
526 _aP102
526 _aP99
526 _aP98
526 _aP97
526 _aP96
526 _aP95
526 _aP93
526 _aP90
526 _aP89
526 _aP88
526 _aP83
526 _aP82
526 _aP62
526 _aP59
526 _aP58
526 _aP57
526 _aP51
526 _aP49
526 _aP48
526 _aP47
526 _aP29
526 _aP24
526 _aP20
526 _aP19
526 _aP17
526 _aP15
526 _aP14
526 _aP12
526 _aP10
526 _aP09
526 _aP08
526 _aP07
526 _aP06
526 _aP05
526 _aP04
526 _aP01
650 0 4 _aQuinua
_xGerminoplasma
_zPerú.
650 0 4 _aQuínua
_xBiotecnología.
700 1 _aEguiluz de la Barra, Ana Luzmeira,
_eautor.
910 _agl
_bjck
_d20111007
942 _2ddc
_cBOOK
949 _a333.95 G68
_wDEWEY
_c1
_i63760
_lCCODEBUL1
_mBUL
_p15.00
_r0
_sY
_tBOOK
_u2015-7-6
_xBIBLIOTECA
_zUNKNOWN
_o.STAFF. Colección Ciencias Empresariales
949 _a333.95 G68
_wDEWEY
_c2
_i63759
_lCCODEBUL1
_mBUL
_p15.00
_r0
_sY
_tBOOK
_u2015-7-6
_xBIBLIOTECA
_zUNKNOWN
_o.STAFF. Colección General
994 _aC0
_bPEPRU
596 _a1
999 _a333.95 G68
_wDEWEY
_c52657
_i63760
_f2021-11-5
_g5
_lCCODEBUL1
_mBUL
_p15.00
_r0
_sY
_tBOOK
_u2015-7-6
_xFCE
_zUNKNOWN
_0DONACION
_o.STAFF. Colección Ciencias Empresariales
_d52657
999 _a333.95 G68
_wDEWEY
_c2
_i63759
_d2018-5-3
_e2018-4-29
_f2021-11-8
_g5
_lCCODEBUL1
_mBUL
_n2
_p15.00
_r0
_sY
_tBOOK
_u2015-7-6
_xEDUCACION
_zUNKNOWN
_0COMPRA
_o.STAFF. Colección General
980 _81
_gALBERTO SANCHEZ Responsable de Automatización